| 000 | 00655cam a22001697a 4500 | ||
|---|---|---|---|
| 008 | 180718b2000 xxu||||| |||| 00| 0 eng d | ||
| 082 | _aP:B142x54 N231 | ||
| 100 | _aNayar, Usha | ||
| 245 |
_aEducation of girls in India: an assessment _cby Usha Nayar |
||
| 260 |
_aNew Delhi _bNational Institute of Educational Planning and Administration _c2000 |
||
| 300 | _a44+p | ||
| 440 | _aYear 2000 assessment: education for all | ||
| 650 | _aWomen - Education - India | ||
| 700 | _aIndia. Ministry of Human Resource Development | ||
| 700 | _aIndian National Commission for Cooperation | ||
| 700 | _aNational Institute of Educational Planning and Administration | ||
| 999 |
_c490763 _d490763 |
||